[Event "FICS rated blitz game"]
[Site "FICS freechess.org"]
[Date "2018.01.19"]
[Round "?"]
[White "sampaths"]
[Black "oritelgavi"]
[Result "1-0"]
[WhiteElo "1608"]
[BlackElo "1412"]
[PlyCount "63"]
[EventDate "2018.??.??"]
[EventType "blitz"]

1. e4 e5 2. Nf3 Nc6 3. c3 Bc5 4. d4 exd4 5. cxd4 Bb4+ 6. Nc3 Nge7 7. Bc4 O-O 8.
O-O d6 9. d5 Ne5 10. Nxe5 dxe5 11. Qh5 Ng6 12. Ne2 Qh4 13. Qxh4 Nxh4 14. a3 Bd6
15. b4 f5 16. g3 Nf3+ 17. Kg2 fxe4 18. Nc3 Bf5 19. h3 Bg6 20. Be3 a6 21. Na4
Rf6 22. Nc5 Bxc5 23. bxc5 Kh8 24. Rab1 Rb8 25. a4 h6 26. a5 Kh7 27. c6 Kg8 28.
Rxb7 Rxb7 29. cxb7 Rf8 30. d6+ Bf7 31. Bxf7+ Kxf7 32. dxc7 {Black resigns} 1-0

[Event "FICS rated blitz game"]
[Site "FICS freechess.org"]
[Date "2018.01.19"]
[Round "?"]
[White "fabiuscu"]
[Black "remilaci"]
[Result "0-1"]
[WhiteElo "1122"]
[BlackElo "1296"]
[PlyCount "38"]
[EventDate "2018.??.??"]
[EventType "blitz"]

1. e4 e5 2. Nf3 Nc6 3. c3 Nf6 4. d4 exd4 5. Nxd4 Bc5 6. Nxc6 bxc6 7. b4 Bxf2+
8. Kxf2 Nxe4+ 9. Ke1 Qh4+ 10. g3 Nxg3 11. Qe2+ Nxe2+ 12. Kxe2 O-O 13. Rg1 Re8+
14. Kf3 d5 15. Bh6 Qe4+ 16. Kg3 Re6 17. Bd2 Rg6+ 18. Kf2 Rf6+ 19. Kg3 Qg6+ {
White resigns} 0-1

[Event "FICS rated blitz game"]
[Site "FICS freechess.org"]
[Date "2018.01.19"]
[Round "?"]
[White "hoken"]
[Black "daIlAi"]
[Result "0-1"]
[WhiteElo "1399"]
[BlackElo "1382"]
[PlyCount "48"]
[EventDate "2018.??.??"]
[EventType "blitz"]

1. e4 e5 2. Nf3 Nc6 3. c3 Nf6 4. d3 d6 5. h3 Be7 6. Be2 O-O 7. O-O h6 8. Be3
Be6 9. Nbd2 d5 10. exd5 Nxd5 11. Nb3 Nxe3 12. fxe3 Qd6 13. Kh1 Rad8 14. Qc2 Qd7
15. Kh2 Bd6 16. e4 f5 17. Rad1 Qf7 18. Nfd2 Qg6 19. Kh1 f4 20. Nf3 Qg3 21. Qd2
Bxh3 22. gxh3 Qxh3+ 23. Kg1 Rf6 24. Rf2 Rg6+ {White resigns} 0-1

[Event "FICS rated blitz game"]
[Site "FICS freechess.org"]
[Date "2018.01.19"]
[Round "?"]
[White "rendelan"]
[Black "refm"]
[Result "0-1"]
[WhiteElo "1993"]
[BlackElo "1899"]
[PlyCount "56"]
[EventDate "2018.??.??"]
[EventType "blitz"]

1. e4 e5 2. Nf3 Nc6 3. c3 Nf6 4. d4 d5 5. Bb5 Nxe4 6. Nxe5 Bd7 7. Nxd7 Qxd7 8.
O-O Bd6 9. Re1 O-O 10. Nd2 Nf6 11. Nf3 Ne4 12. Be3 Rae8 13. Qa4 f5 14. h3 f4
15. Bd2 g5 16. c4 a6 17. Bxc6 bxc6 18. cxd5 h5 19. Qxc6 Qf5 20. Ba5 Re7 21. Re2
Rg7 22. Rae1 Nf6 23. Ne5 g4 24. hxg4 hxg4 25. Qc2 Qh5 26. Bd2 g3 27. fxg3 fxg3
28. Re4 Nxe4 0-1

[Event "FICS rated blitz game"]
[Site "FICS freechess.org"]
[Date "2018.01.19"]
[Round "?"]
[White "jsssstplayinn"]
[Black "lowmiles"]
[Result "1-0"]
[WhiteElo "1655"]
[BlackElo "1582"]
[PlyCount "81"]
[EventDate "2018.??.??"]
[EventType "blitz"]

1. e4 e5 2. Nf3 Nc6 3. c3 Bc5 4. Bb5 Nge7 5. O-O O-O 6. a3 d6 7. b4 Bb6 8. a4
a6 9. Bd3 h6 10. a5 Ba7 11. b5 Nb8 12. c4 Bg4 13. h3 Bd4 14. Ra2 Be6 15. Nxd4
exd4 16. Bb2 axb5 17. Bxd4 bxc4 18. Bc2 c5 19. Bc3 Nbc6 20. d4 cxd4 21. Bxd4
Nxa5 22. Bc3 Nb3 23. Rxa8 Qxa8 24. Qf3 Ng6 25. Qg3 Nc5 26. f4 Qa7 27. Bd4 Nxe4
28. Qe3 Qa2 29. Bxe4 d5 30. Bxg6 fxg6 31. Qxe6+ Kh8 32. Qxd5 Qb3 33. Qe5 Rg8
34. Nd2 Qd3 35. Nf3 b5 36. Bc3 Kh7 37. Qd4 Qc2 38. Qd2 Qb3 39. Nh4 Rf8 40. Qd4
Rf6 41. f5 1-0

[Event "FICS rated standard game"]
[Site "FICS freechess.org"]
[Date "2018.01.19"]
[Round "?"]
[White "koadjao"]
[Black "StadinPera"]
[Result "1-0"]
[WhiteElo "1690"]
[BlackElo "1688"]
[PlyCount "39"]
[EventDate "2018.??.??"]

1. e4 e5 2. Nf3 Nc6 3. c3 Nf6 4. d4 exd4 5. e5 Qe7 6. cxd4 Nd5 7. Nc3 Nxc3 8.
bxc3 h6 9. Bb5 a6 10. Qa4 Na7 11. Bd3 b5 12. Qb3 Bb7 13. d5 d6 14. Ba3 a5 15.
Bxb5+ Nxb5 16. Qxb5+ c6 17. dxc6 Ba6 18. Qxa5 Bb7 19. cxb7 Rxa5 20. b8=Q+ {
Black resigns} 1-0

[Event "FICS rated blitz game"]
[Site "FICS freechess.org"]
[Date "2018.01.19"]
[Round "?"]
[White "sahayak"]
[Black "AnderssenA"]
[Result "0-1"]
[WhiteElo "1599"]
[BlackElo "2469"]
[PlyCount "22"]
[EventDate "2018.??.??"]
[EventType "blitz"]

1. e4 e5 2. Nf3 Nc6 3. c3 d5 4. Bd3 Nf6 5. Bb5 dxe4 6. Nxe5 Qd5 7. Bxc6+ bxc6
8. Qa4 Bb7 9. d4 exd3 10. Nd2 Qxe5+ 11. Kd1 Qe2# {White checkmated} 0-1

[Event "FICS rated blitz game"]
[Site "FICS freechess.org"]
[Date "2018.01.19"]
[Round "?"]
[White "jsssstplayinn"]
[Black "mboi"]
[Result "0-1"]
[WhiteElo "1654"]
[BlackElo "1791"]
[PlyCount "78"]
[EventDate "2018.??.??"]
[EventType "blitz"]

1. e4 e5 2. Nf3 Nc6 3. c3 Be7 4. d4 d6 5. d5 Nb8 6. Be2 Nf6 7. O-O Nxe4 8. Qa4+
c6 9. Qxe4 cxd5 10. Qxd5 Nc6 11. Qd1 O-O 12. h3 Be6 13. Nh2 d5 14. Bg4 f5 15.
Be2 Qc7 16. Na3 a6 17. c4 d4 18. Bd2 Rad8 19. Rc1 e4 20. Bh5 g6 21. Be2 d3 22.
Bh5 gxh5 23. Qxh5 Qe5 24. Bc3 Qf4 25. g3 Qg5 26. Qd1 Nd4 27. Bxd4 Rxd4 28. h4
Qg6 29. Qd2 Bxh4 30. Qe3 Bf6 31. Kg2 d2 32. Rcd1 Rfd8 33. Rg1 Bg5 34. Qc3 Rd3
35. Qa5 e3 36. fxe3 Rxe3 37. Nf1 Re2+ 38. Kh1 Qh5+ 39. Nh2 Qxh2# {White
checkmated} 0-1

[Event "FICS rated blitz game"]
[Site "FICS freechess.org"]
[Date "2018.01.19"]
[Round "?"]
[White "BiH"]
[Black "ninofaca"]
[Result "0-1"]
[WhiteElo "1548"]
[BlackElo "1769"]
[PlyCount "64"]
[EventDate "2018.??.??"]
[EventType "blitz"]

1. e4 e5 2. Nf3 Nc6 3. c3 Nf6 4. d4 Bd6 5. d5 Ne7 6. Bd3 Ng6 7. g3 O-O 8. c4 c6
9. Nc3 Bb4 10. Bd2 d6 11. h3 cxd5 12. exd5 Bc5 13. Bg5 h6 14. Bd2 a6 15. Qc2
Qe8 16. Ne4 Nxe4 17. Bxe4 f5 18. Bd3 e4 19. Bf1 exf3+ 20. Kd1 Bxf2 21. Bc3 Bxg3
22. Bd3 f4 23. Bxg6 Qe3 24. Qe4 Qxe4 25. Bxe4 Bf5 26. Bxf3 Rfe8 27. b3 Re3 28.
Kd2 Rxf3 29. Rac1 Re8 30. Bb4 Rf2+ 31. Kc3 Re3+ 32. Kd4 Rd3# {White checkmated}
0-1

[Event "FICS rated standard game"]
[Site "FICS freechess.org"]
[Date "2018.01.19"]
[Round "?"]
[White "garandou"]
[Black "anterdabbous"]
[Result "0-1"]
[WhiteElo "1707"]
[BlackElo "1833"]
[PlyCount "38"]
[EventDate "2018.??.??"]

1. e4 e5 2. Nf3 Nc6 3. c3 d6 4. d4 exd4 5. cxd4 Nf6 6. Bd3 Be7 7. O-O O-O 8. b3
Bg4 9. Bb2 Nb4 10. h3 Bh5 11. g4 Bg6 12. Re1 Re8 13. Nc3 d5 14. Ne5 dxe4 15.
Bxe4 Bxe4 16. Nxe4 Nxe4 17. Rxe4 Bf6 18. f4 Qd5 19. a3 Qxe4 {White resigns} 0-1

[Event "FICS rated blitz game"]
[Site "FICS freechess.org"]
[Date "2018.01.19"]
[Round "?"]
[White "jetline"]
[Black "gregchess"]
[Result "0-1"]
[WhiteElo "1570"]
[BlackElo "1684"]
[PlyCount "42"]
[EventDate "2018.??.??"]
[EventType "blitz"]

1. e4 e5 2. Nf3 Nc6 3. c3 Nf6 4. Qc2 Bc5 5. b4 Bb6 6. Bd3 d6 7. O-O O-O 8. h3
h6 9. Ba3 Nh7 10. b5 Ne7 11. c4 Ng6 12. Nc3 Nf4 13. Nd5 Ng5 14. c5 dxc5 15.
Bxc5 Bxc5 16. Nxf4 Nxf3+ 17. gxf3 exf4 18. Qxc5 Bxh3 19. Be2 Qh4 20. Rfc1 f5
21. Qxc7 Qg5+ {White resigns} 0-1

[Event "FICS rated standard game"]
[Site "FICS freechess.org"]
[Date "2018.01.19"]
[Round "?"]
[White "koadjao"]
[Black "smoozer"]
[Result "1-0"]
[WhiteElo "1699"]
[BlackElo "1709"]
[PlyCount "45"]
[EventDate "2018.??.??"]

1. e4 e5 2. Nf3 Nc6 3. c3 Nf6 4. d4 exd4 5. e5 dxc3 6. exf6 Qxf6 7. Nxc3 Bb4 8.
Bd2 O-O 9. Be2 Re8 10. O-O d6 11. a3 Bc5 12. b4 Bb6 13. Nd5 Qg6 14. Nxb6 axb6
15. Bc3 Bh3 16. Ne1 Rad8 17. Kh1 Bxg2+ 18. Nxg2 h5 19. Rg1 h4 20. Ne3 Qe4+ 21.
Bf3 Qf4 22. Bxg7 Kh7 23. Qd3+ {Black resigns} 1-0

[Event "FICS rated standard game"]
[Site "FICS freechess.org"]
[Date "2018.01.19"]
[Round "?"]
[White "proximab"]
[Black "WestOrange"]
[Result "1-0"]
[WhiteElo "2156"]
[BlackElo "2251"]
[PlyCount "73"]
[EventDate "2018.??.??"]

1. e4 e5 2. Nf3 Nc6 3. c3 Nge7 4. d4 exd4 5. Nxd4 d5 6. Nxc6 bxc6 7. Qd4 dxe4
8. Qxe4 Bf5 9. Qb4 Nd5 10. Qb7 Bd7 11. Bd3 Bd6 12. Nd2 O-O 13. Ne4 Qe7 14. O-O
Rfb8 15. Qa6 Bf4 16. b3 f5 17. Bxf4 fxe4 18. Bc4 Kh8 19. Bxd5 cxd5 20. Qa5 Qf7
21. Qxc7 Rc8 22. Qe5 Re8 23. Qc7 Rec8 24. Qe5 Re8 25. Qg5 Re6 26. Qxd5 Rc8 27.
c4 Bc6 28. Qd2 Qg6 29. Be3 Rf8 30. Bxa7 h5 31. Bc5 Rf5 32. Be3 h4 33. Qd8+ Kh7
34. Qxh4+ Rh5 35. Qd8 Rf6 36. Rad1 Rf3 37. Qb8 1-0

[Event "FICS rated lightning game"]
[Site "FICS freechess.org"]
[Date "2018.01.19"]
[Round "?"]
[White "nabucho"]
[Black "Ismirdochegal"]
[Result "0-1"]
[WhiteElo "1856"]
[BlackElo "2163"]
[PlyCount "66"]
[EventDate "2018.??.??"]

1. e4 e5 2. Nf3 Nc6 3. c3 d5 4. exd5 Qxd5 5. d4 exd4 6. cxd4 Bg4 7. Be3 Nf6 8.
Nc3 Bb4 9. Be2 O-O 10. O-O Qd8 11. d5 Bxc3 12. bxc3 Nxd5 13. Bc5 Re8 14. Bc4
Nxc3 15. Bxf7+ Kxf7 16. Qb3+ Nd5 17. Qxb7 Bxf3 18. Qxc6 Be4 19. f3 Bf5 20. Rad1
Be6 21. Bf2 Rb8 22. Qc1 c6 23. Qd2 Qa5 24. Qd4 Qb5 25. Qh4 Rb7 26. Qh5+ Kg8 27.
f4 Rf8 28. f5 Bxf5 29. Qf7+ Rfxf7 30. Rxd5 Rf8 31. h3 Qxd5 32. g3 Qg2+ 33. Kxg2
Be4+ 0-1

[Event "FICS rated lightning game"]
[Site "FICS freechess.org"]
[Date "2018.01.19"]
[Round "?"]
[White "Sasha"]
[Black "Axe"]
[Result "0-1"]
[WhiteElo "1622"]
[BlackElo "1785"]
[PlyCount "52"]
[EventDate "2018.??.??"]

1. e4 Nc6 2. Nf3 e5 3. c3 f5 4. exf5 d5 5. d4 e4 6. Nfd2 Bxf5 7. Be2 Nf6 8. O-O
Bd6 9. f3 O-O 10. fxe4 Bxe4 11. Nxe4 dxe4 12. Bc4+ Kh8 13. Bg5 Qe8 14. Nd2 Qg6
15. Bh4 Nh5 16. Bd5 Nf4 17. Bxe4 Qh6 18. Bg3 Nh5 19. Bxd6 cxd6 20. Rxf8+ Rxf8
21. Nf3 Nf4 22. Qd2 Qh5 23. Rf1 Qg4 24. Bxc6 bxc6 25. h3 Qg3 26. Qf2 Nxh3+ 0-1

[Event "FICS rated blitz game"]
[Site "FICS freechess.org"]
[Date "2018.01.19"]
[Round "?"]
[White "rendelan"]
[Black "rodolfoaamaro"]
[Result "1-0"]
[WhiteElo "1965"]
[BlackElo "1786"]
[PlyCount "121"]
[EventDate "2018.??.??"]
[EventType "blitz"]

1. e4 e5 2. Nf3 Nc6 3. c3 d5 4. Qa4 dxe4 5. Nxe5 Bd7 6. Nxd7 Qxd7 7. Qxe4+ Be7
8. d4 Nf6 9. Qc2 O-O 10. Be2 Rfe8 11. O-O Rad8 12. Bf4 Nd5 13. Bg3 Bg5 14. Bf3
Nce7 15. Na3 b5 16. Qb3 a6 17. Nc2 c6 18. Nb4 Nxb4 19. Qxb4 Nf5 20. Rfe1 Nxg3
21. hxg3 Bd2 22. Rf1 Rc8 23. Rad1 Bg5 24. Rfe1 Be7 25. Qb3 a5 26. a3 a4 27. Qc2
Bf6 28. Qd2 g6 29. Qf4 Bg7 30. Bg4 f5 31. Bf3 c5 32. dxc5 Rxe1+ 33. Rxe1 Rxc5
34. Rd1 Qe8 35. Bd5+ Kh8 36. Qd6 Bf8 37. Qe6 Qxe6 38. Bxe6 Kg7 39. Kf1 Kf6 40.
Bd5 Be7 41. Bf3 Re5 42. Rd5 Rxd5 43. Bxd5 Bd6 44. Bc6 f4 45. gxf4 Bxf4 46. Bxb5
Bc1 47. Bxa4 Bxb2 48. Ke2 Bxa3 49. Kd3 Ke5 50. Bd1 h6 51. g3 Bc5 52. f4+ Kd6
53. Bf3 g5 54. f5 Ke5 55. g4 Kd6 56. Ke4 Bf2 57. c4 Bg3 58. Be2 Be5 59. Bd3 Bf6
60. Bc2 Kc5 61. Bb3 1-0

[Event "FICS rated blitz game"]
[Site "FICS freechess.org"]
[Date "2018.01.19"]
[Round "?"]
[White "HBtime"]
[Black "Thesevs"]
[Result "0-1"]
[WhiteElo "1763"]
[BlackElo "1848"]
[PlyCount "32"]
[EventDate "2018.??.??"]
[EventType "blitz"]

1. e4 e5 2. Nf3 Nc6 3. c3 Bc5 4. d4 exd4 5. cxd4 Bb6 6. Nc3 Nge7 7. Bc4 O-O 8.
O-O d6 9. Re1 Ng6 10. Bg5 Qe8 11. Nd5 Kh8 12. a4 f6 13. Bc1 Bg4 14. a5 Bxa5 15.
Rxa5 Nxa5 16. Nxc7 Qc6 {White resigns} 0-1

[Event "FICS rated blitz game"]
[Site "FICS freechess.org"]
[Date "2018.01.18"]
[Round "?"]
[White "tobysadog"]
[Black "solorunningsolo"]
[Result "0-1"]
[WhiteElo "1169"]
[BlackElo "1173"]
[PlyCount "24"]
[EventDate "2018.??.??"]
[EventType "blitz"]

1. e4 Nc6 2. Nf3 e5 3. c3 d5 4. exd5 Qxd5 5. b3 e4 6. Bc4 Qf5 7. Nh4 Qf6 8. g3
Bc5 9. O-O Bh3 10. Ng2 Nh6 11. Re1 Qxf2+ 12. Kh1 Qxg2# {White checkmated} 0-1

[Event "FICS rated blitz game"]
[Site "FICS freechess.org"]
[Date "2018.01.18"]
[Round "?"]
[White "Kjosavik"]
[Black "Tcpuig"]
[Result "1-0"]
[WhiteElo "1462"]
[BlackElo "1315"]
[PlyCount "61"]
[EventDate "2018.??.??"]
[EventType "blitz"]

1. e4 e5 2. Nf3 Nc6 3. c3 a6 4. d4 exd4 5. cxd4 Bb4+ 6. Nc3 Bxc3+ 7. bxc3 d6 8.
Ba3 Bg4 9. Be2 Nge7 10. h3 Bh5 11. Qb3 b5 12. Ng5 O-O 13. Bxh5 Na5 14. Qd1 Nc4
15. Bc1 Ng6 16. O-O Qf6 17. f4 h6 18. Bxg6 Qxg6 19. f5 Qf6 20. Nf3 Rfe8 21. Qc2
c6 22. Re1 d5 23. e5 Qd8 24. Bf4 Qa5 25. Nh4 Na3 26. Qc1 Nc4 27. Bxh6 gxh6 28.
Qxh6 Qxc3 29. f6 Qxd4+ 30. Kh2 Nxe5 31. Qg7# {Black checkmated} 1-0

[Event "FICS rated standard game"]
[Site "FICS freechess.org"]
[Date "2018.01.18"]
[Round "?"]
[White "CarveItUp"]
[Black "yitian"]
[Result "1-0"]
[WhiteElo "1733"]
[BlackElo "1697"]
[PlyCount "75"]
[EventDate "2018.??.??"]

1. e4 e5 2. Nf3 Nc6 3. c3 Bc5 4. b4 Bb6 5. b5 Nce7 6. Nxe5 Ng6 7. Nf3 Nf6 8. e5
Nxe5 9. Nxe5 Qe7 10. Qe2 d6 11. Nf3 Ne4 12. d4 O-O 13. Be3 Bg4 14. h3 Bxf3 15.
Qxf3 Rae8 16. Bd3 Ng5 17. Qxb7 f5 18. O-O f4 19. Bd2 f3 20. Bxg5 Qxg5 21. g3
Qh5 22. Kh2 g5 23. Nd2 g4 24. h4 Qh6 25. Qd5+ Kh8 26. Ne4 Rf4 27. Qg5 Qxg5 28.
Nxg5 Rff8 29. Nxh7 Rg8 30. Nf6 Re6 31. Nxg8 Kxg8 32. Bc4 Kf7 33. Bxe6+ Kxe6 34.
Rfe1+ Kd5 35. h5 Kc4 36. Rac1 d5 37. h6 Kxb5 38. h7 {Black resigns} 1-0

[Event "FICS rated blitz game"]
[Site "FICS freechess.org"]
[Date "2018.01.18"]
[Round "?"]
[White "morts"]
[Black "schachmuster"]
[Result "0-1"]
[WhiteElo "1188"]
[BlackElo "1218"]
[PlyCount "140"]
[EventDate "2018.??.??"]
[EventType "blitz"]

1. e4 e5 2. Nf3 Nc6 3. c3 Nf6 4. d3 Bc5 5. Nbd2 Ng4 6. d4 exd4 7. cxd4 Bb4 8.
Be2 d6 9. O-O Bxd2 10. Nxd2 Nf6 11. e5 dxe5 12. dxe5 Nxe5 13. Qa4+ Nc6 14. Bb5
Bd7 15. Re1+ Ne7 16. Bxd7+ Qxd7 17. Qxd7+ Nxd7 18. Ne4 O-O 19. Bg5 Ng6 20. h4
h6 21. Be3 Nxh4 22. Nc5 Nxc5 23. Bxc5 Rfe8 24. Be7 Ng6 25. Ba3 Rxe1+ 26. Rxe1
Rd8 27. g3 Rd2 28. Re8+ Kh7 29. Rc8 Rc2 30. Rb8 b6 31. Ra8 a5 32. Rd8 Ne5 33.
Kg2 Kg6 34. Re8 f6 35. Rd8 Nc4 36. Bf8 Nxb2 37. a3 Nc4 38. Rd7 Nxa3 39. Rxg7+
Kf5 40. g4+ Kf4 41. Rg6 Rc6 42. Bxh6+ Ke4 43. f3+ Kd3 44. Kg3 Nc4 45. Rg8 a4
46. Ra8 a3 47. Kf2 b5 48. Bf8 Rb6 49. Bxa3 Nxa3 50. Rxa3+ Kc4 51. Ra7 c6 52.
Rf7 c5 53. Kg3 b4 54. Re7 b3 55. Re4+ Kd3 56. Kf4 b2 57. Re3+ Kc4 58. Re4+ Kd5
59. Kf5 b1=Q 60. Kg6 Qxe4+ 61. fxe4+ Kxe4 62. g5 fxg5+ 63. Kxg5 c4 64. Kg4 c3
65. Kg3 c2 66. Kf2 c1=Q 67. Ke2 Rb3 68. Kf2 Qc4 69. Kg2 Qe2+ 70. Kh1 Rb1# {
White checkmated} 0-1

[Event "FICS rated standard game"]
[Site "FICS freechess.org"]
[Date "2018.01.18"]
[Round "?"]
[White "louarn"]
[Black "slcukzlfi"]
[Result "0-1"]
[WhiteElo "1456"]
[BlackElo "1625"]
[PlyCount "50"]
[EventDate "2018.??.??"]

1. e4 e5 2. Nf3 Nc6 3. c3 Nf6 4. d4 exd4 5. cxd4 Bb4+ 6. Bd2 Qe7 7. Qe2 Nxe4 8.
Bxb4 Nxb4 9. Nc3 d5 10. Qb5+ c6 11. Qe2 O-O 12. a3 Na6 13. Nxe4 dxe4 14. Nd2 f5
15. Qc4+ Kh8 16. Be2 Qg5 17. Nb3 Qxg2 18. Rf1 Nc7 19. O-O-O Nd5 20. Qc5 Re8 21.
Bc4 Be6 22. Bxd5 Bxd5 23. Qd6 Bxb3 24. Rg1 Qxf2 25. Rde1 Qc2# {White checkmated
} 0-1

[Event "FICS rated blitz game"]
[Site "FICS freechess.org"]
[Date "2018.01.18"]
[Round "?"]
[White "denk"]
[Black "remialli"]
[Result "1-0"]
[WhiteElo "1338"]
[BlackElo "1357"]
[PlyCount "83"]
[EventDate "2018.??.??"]
[EventType "blitz"]

1. e4 e5 2. Nf3 Nc6 3. c3 Nf6 4. Bd3 d5 5. exd5 Qxd5 6. Bc2 e4 7. Nd4 Nxd4 8.
cxd4 Qxd4 9. O-O Bd6 10. Nc3 O-O 11. Nb5 Bxh2+ 12. Kxh2 Qe5+ 13. Kg1 Qxb5 14.
d3 exd3 15. Bxd3 Qc6 16. Bg5 Be6 17. Bxf6 gxf6 18. Rc1 Qd5 19. Qc2 Qg5 20.
Bxh7+ Kh8 21. Be4 c6 22. Rce1 Bd5 23. Re3 Bxe4 24. Qxe4 f5 25. Qe5+ f6 26. Qh2+
Kg7 27. Rg3 Qxg3 28. Qxg3+ Kh7 29. Re1 Rae8 30. Qh4+ Kg6 31. Qg3+ Kf7 32. Qc7+
Kg6 33. Rxe8 Rxe8 34. Qxb7 Re1+ 35. Kh2 Rc1 36. Qxa7 f4 37. a4 Rc2 38. b4 Rc3
39. Qe7 Rc4 40. Qe8+ Kf5 41. Qd7+ Kg6 42. Qd3+ {Black resigns} 1-0

[Event "FICS rated standard game"]
[Site "FICS freechess.org"]
[Date "2018.01.18"]
[Round "?"]
[White "proximab"]
[Black "DaryaSam"]
[Result "1-0"]
[WhiteElo "2145"]
[BlackElo "1251"]
[PlyCount "25"]
[EventDate "2018.??.??"]

1. e4 e5 2. Nf3 Nc6 3. c3 d6 4. d4 Bg4 5. d5 Nce7 6. h3 Bxf3 7. Qxf3 f6 8. Bd3
Nh6 9. Bxh6 gxh6 10. Qxf6 Ng6 11. Bb5+ c6 12. dxc6 Rb8 13. c7+ {Black resigns}
1-0

[Event "FICS rated standard game"]
[Site "FICS freechess.org"]
[Date "2018.01.18"]
[Round "?"]
[White "louarn"]
[Black "luoyu"]
[Result "0-1"]
[WhiteElo "1472"]
[BlackElo "1625"]
[PlyCount "56"]
[EventDate "2018.??.??"]

1. e4 e5 2. Nf3 Nc6 3. c3 Nf6 4. d3 a6 5. Be2 h6 6. O-O Bc5 7. d4 exd4 8. cxd4
Ba7 9. e5 Nd5 10. Nbd2 O-O 11. Bc4 Nb6 12. Bb3 Na5 13. Ne4 d6 14. exd6 cxd6 15.
Bd2 Nxb3 16. Qxb3 Be6 17. Qc2 Nc4 18. Nc3 d5 19. Rfe1 Rc8 20. b3 Nxd2 21. Nxd2
Bxd4 22. Nf3 Bxc3 23. Qe2 Bxa1 24. Rxa1 Bg4 25. Re1 d4 26. Qd3 Rc3 27. Qh7+
Kxh7 28. Ng5+ hxg5 {White resigns} 0-1

[Event "FICS rated blitz game"]
[Site "FICS freechess.org"]
[Date "2018.01.18"]
[Round "?"]
[White "Netrez"]
[Black "remilaci"]
[Result "0-1"]
[WhiteElo "1225"]
[BlackElo "1276"]
[PlyCount "98"]
[EventDate "2018.??.??"]
[EventType "blitz"]

1. e4 e5 2. Nf3 Nc6 3. c3 Nf6 4. d3 d5 5. Be3 dxe4 6. dxe4 Qxd1+ 7. Kxd1 Nxe4
8. Nbd2 Nxd2 9. Kxd2 Bg4 10. Bb5 O-O-O+ 11. Kc2 Bxf3 12. gxf3 f5 13. Bxc6 bxc6
14. Rhg1 Kb7 15. Rad1 f4 16. Rxd8 fxe3 17. fxe3 h5 18. f4 exf4 19. exf4 h4 20.
h3 Ka6 21. f5 Kb5 22. Rf1 c5 23. f6 gxf6 24. Rxf6 Be7 25. Rxh8 Bxf6 26. Rf8 Be5
27. b3 Bg3 28. Rf6 c6 29. Rf7 a5 30. c4+ Ka6 31. Rf6 Kb6 32. a4 Kc7 33. Kd3 Kb6
34. Ke4 Kc7 35. Kf5 Kd7 36. Re6 Kc7 37. Rg6 Kd7 38. Rh6 Bf2 39. Rh7+ Kd6 40.
Rh6+ Kd7 41. Rh7+ Kd6 42. Rh6+ Kc7 43. Rh7+ Kb6 44. Rd7 Bg3 45. Ke6 Bf2 46. Rd8
Bg3 47. Kd7 Ka6 48. Rb8 Bxb8 49. Kc8 Ba7 0-1

[Event "FICS rated blitz game"]
[Site "FICS freechess.org"]
[Date "2018.01.18"]
[Round "?"]
[White "BiH"]
[Black "lowmiles"]
[Result "1-0"]
[WhiteElo "1552"]
[BlackElo "1564"]
[PlyCount "71"]
[EventDate "2018.??.??"]
[EventType "blitz"]

1. e4 e5 2. Nf3 Nc6 3. c3 Bc5 4. d4 exd4 5. cxd4 Bb6 6. d5 Nce7 7. Nc3 d6 8. h3
Ng6 9. Be2 N8e7 10. Bg5 O-O 11. O-O h6 12. Bd2 f5 13. Qc1 f4 14. Na4 Bd7 15.
Nxb6 axb6 16. a3 Qc8 17. Kh2 Rf7 18. Nd4 Qf8 19. Ne6 Bxe6 20. dxe6 Rf6 21. Bc4
Ne5 22. Bb3 Kh7 23. Qxc7 N7g6 24. f3 Nh4 25. Bb4 Qe8 26. Qxd6 Qg6 27. Rg1
Nexf3+ 28. gxf3 Nxf3+ 29. Kh1 Nxg1 30. Rxg1 Qxe4+ 31. Kh2 f3 32. Qg3 g5 33. Qf2
Qf4+ 34. Rg3 Rd8 35. Bc3 Rxe6 36. Bc2+ 1-0

[Event "FICS rated blitz game"]
[Site "FICS freechess.org"]
[Date "2018.01.18"]
[Round "?"]
[White "BiH"]
[Black "lowmiles"]
[Result "0-1"]
[WhiteElo "1568"]
[BlackElo "1548"]
[PlyCount "78"]
[EventDate "2018.??.??"]
[EventType "blitz"]

1. e4 e5 2. Nf3 Nc6 3. c3 Bc5 4. d4 exd4 5. cxd4 Bb6 6. d5 Nce7 7. Nc3 d6 8. h3
Bd7 9. Bd3 h6 10. O-O Nf6 11. a3 O-O 12. b4 Nh7 13. a4 a6 14. a5 Ba7 15. Ne2
Kh8 16. Ned4 Ng6 17. Be3 Nh4 18. Kh2 Qf6 19. Nxh4 Qxh4 20. Nf3 Qf6 21. Bxa7
Rxa7 22. Rc1 c6 23. Bc4 Qf4+ 24. g3 Qxe4 25. Re1 Qf5 26. g4 Qf4+ 27. Kg2 f5 28.
Re7 fxg4 29. Rxd7 gxh3+ 30. Kh1 Qg4 31. Bf1 Qxd7 32. dxc6 bxc6 33. Kh2 Qf5 34.
Rc3 Raf7 35. Bxh3 Qf4+ 36. Kg2 Ng5 37. Qe2 Nxf3 38. Rc4 Qh2+ 39. Kf1 Qxh3# {
White checkmated} 0-1

[Event "FICS rated lightning game"]
[Site "FICS freechess.org"]
[Date "2018.01.18"]
[Round "?"]
[White "rendelan"]
[Black "killerbie"]
[Result "0-1"]
[WhiteElo "1911"]
[BlackElo "1929"]
[PlyCount "68"]
[EventDate "2018.??.??"]

1. e4 e5 2. Nf3 Nc6 3. c3 d5 4. Qa4 dxe4 5. Nxe5 Bd7 6. Nxd7 Qxd7 7. Qxe4+ Nge7
8. d4 O-O-O 9. Be2 Re8 10. Qc2 Nd5 11. O-O Bd6 12. Na3 Re7 13. Bg5 f6 14. Bh4
Rhe8 15. Rfe1 Nf4 16. Bb5 Rxe1+ 17. Rxe1 Rxe1+ 18. Bf1 Ne2+ 19. Qxe2 Rxe2 20.
Bxe2 Bxa3 21. bxa3 Nxd4 22. cxd4 Qxd4 23. Bg3 Qa1+ 24. Bf1 Qxa2 25. h4 Qxa3 26.
Kh2 Qc1 27. Be2 Qd2 28. Bf3 a5 29. Kg1 a4 30. Kh2 a3 31. Kg1 a2 32. Kh2 a1=Q
33. Bf4 Qxf4+ 34. Kh3 Qh1# {White checkmated} 0-1

[Event "FICS rated blitz game"]
[Site "FICS freechess.org"]
[Date "2018.01.18"]
[Round "?"]
[White "Prosten"]
[Black "prickler"]
[Result "0-1"]
[WhiteElo "1554"]
[BlackElo "1596"]
[PlyCount "92"]
[EventDate "2018.??.??"]
[EventType "blitz"]

1. e4 e5 2. Nf3 Nc6 3. c3 Bc5 4. d4 exd4 5. cxd4 Bb4+ 6. Nc3 Nf6 7. d5 Ne7 8.
e5 Nfxd5 9. Bd2 Bxc3 10. bxc3 O-O 11. Bc4 Nb6 12. Bb3 Ng6 13. O-O Re8 14. Re1
d6 15. Ng5 Be6 16. exd6 Bxb3 17. Qxb3 Qf6 18. Rxe8+ Rxe8 19. dxc7 h6 20. Nf3
Qd6 21. Nd4 Qxc7 22. Nf5 Qd7 23. Nxg7 Kxg7 24. Be3 Qe6 25. Qb5 Qe5 26. Bd4 f6
27. Bxe5 Rxe5 28. Qd3 Nf4 29. Qf3 Ne2+ 30. Kh1 Nd5 31. h3 Ndxc3 32. Re1 Kf7 33.
Qxb7+ Re7 34. Qb3+ Kg7 35. Qc2 Kf7 36. a4 a5 37. Qd3 Kg7 38. h4 Kf7 39. h5 Re5
40. Qg6+ Ke6 41. Qg8+ Kf5 42. Qh7+ Ke6 43. Qxh6 Ng3+ 44. Kh2 Rxe1 45. Kxg3 Re5
46. Qf8 Ne4+ 0-1

[Event "FICS rated standard game"]
[Site "FICS freechess.org"]
[Date "2018.01.18"]
[Round "?"]
[White "FyFazan"]
[Black "herbsol"]
[Result "0-1"]
[WhiteElo "1654"]
[BlackElo "1626"]
[PlyCount "22"]
[EventDate "2018.??.??"]

1. e4 e5 2. Nf3 Nc6 3. c3 d5 4. exd5 Qxd5 5. d4 Bg4 6. Be2 exd4 7. Nxd4 Nxd4 8.
Bxg4 Qxg2 9. Rf1 Qe4+ 10. Be3 Nc2+ 11. Kd2 Rd8+ {White resigns} 0-1